2024 Ballon d'Or Nominees - Statistics

General Stats
  • This quiz has been taken 82 times
  • The average score is 23 of 30
Answer Stats
Placed Club Answer % Correct
1st Manchester City Rodri
100%
2nd Real Madrid Vinicius Junior
100%
3rd Real Madrid Jude Bellingham
97%
7th Inter Milan Lautaro Martínez
97%
5th Manchester City Erling Haaland
96%
10th Bayern Munich Harry Kane
96%
8th Barcelona Lamine Yamal
95%
18th Aston Villa Emiliano Martínez
93%
4th Real Madrid Dani Carvajal
92%
6th Real Madrid Kylian Mbappé
91%
12th Bayer Leverkusen Florian Wirtz
88%
21st Arsenal Bukayo Saka
85%
9th Real Madrid Toni Kroos
85%
15th Atletic Bilbao Nico Williams
82%
11th Manchester City Phil Foden
82%
25th Chelsea Cole Palmer
81%
14th Atalanta Ademola Lookman
80%
19th Arsenal Martin Ødegaard
74%
23rd Manchester City Rúben Dias
73%
24th Arsenal William Saliba
73%
26th Arsenal Declan Rice
66%
16th Bayer Leverkusen Granit Xhaka
66%
22nd Real Madrid Antonio Rüdiger
64%
17th Real Madrid Federico Valverde
62%
28th Bayer Leverkusen Alejandro Grimaldo
58%
29th Borussia Dortmund Mats Hummels
57%
29th Girona Artem Dovbyk
54%
13th RB Leipzig Dani Olmo
54%
27th Paris Saint-Germain Vitinha
53%
20th Inter Milan Hakan Çalhanoğlu
46%
No matching quizzes found
Score Distribution
Percent of People with Each Score
Percentile by Number Answered
Your Score History
You have not taken this quiz